00451cam a2200157ua 4500001000400000008003900004040000900043082001200052245006700064250000900131260003600140300001700176653002200193653004800215700003000263516110407n ii |||gr||||Z||||||eng cMAIN a324.2731 aInvention of the american political partiescby Roy F. Nichols a1st. aCalcutta:bScientific book,967. a416p:c30cm. aPolitical science aInvention of the american political parties aNichols, Roy F.,eAuthor.